| 000 | 00819nam a2200229 i 4500 | ||
|---|---|---|---|
| 001 | 111317 | ||
| 003 | ES-MaACL | ||
| 005 | 20230906185300.0 | ||
| 007 | t| | ||
| 008 | 061121s1977 sp r ||||1| cat d | ||
| 100 | 1 |
_aOlivar, Alexandre. _986753 |
|
| 245 | 1 | 0 |
_aCatáleg dels manuscrits de la Biblioteca del Monestir de Montserrat / _cAlexandre Olivar. |
| 260 |
_aMontserrat (Barcelona) : _bMonestir, _c1977. |
||
| 300 |
_aXXIV, 562 p. ; _c25 cm. |
||
| 490 | 1 |
_aScripta et documenta ; _v25 |
|
| 610 | 2 | 4 |
_aAbadía de Montserrat. _bBiblioteca- _vCatálogos. _9166083 |
| 650 | 4 |
_aManuscritos- _zAbadía de Montserrat. Biblioteca- _vCatálogos. _9166084 |
|
| 710 | 2 |
_aAbadía de Montserrat. _91133 |
|
| 830 | 0 |
_aScripta et documenta ; _v25 _9185681 |
|
| 852 |
_aES-MaACL _jA-7308 _bR.96607 |
||
| 999 |
_c111317 _d111317 |
||